000 00299nam a2200109Ia 4500
008 171204s9999 xx 000 0 und d
245 _aComplete Digital Photography:
245 _cBen Long
260 _c2014
650 _xDIGITAL PHOTOGRAPHY
856 _uhttp://down.ebook777.com/ComDigPho(8tEdi.pdf
999 _c346072
_d346072